000 00287nam a22001337a 4500
008 170306b xxu||||| |||| 00| 0 eng d
020 _a9780321583567
041 _aeng
080 _28 ED
_a511
100 _a6
101 _aSHM
245 _aNATOMY PHYSIOLOGY
_cNATH.M
942 _2udc
_cBK
999 _c6838
_d6838